Multiple Choice City Quiz – Dubai - Statistics

General Stats
  • This quiz has been taken 13,458 times
  • The average score is 7 of 10
Answer Stats
Question Answer % Correct
Which of these does Dubai have? The tallest building in the world
98%
On what body of water is Dubai located? Persian Gulf
91%
What percentage of people living in Dubai were born in a different country? 85%
85%
Dubai's police force is known for ... Driving sports cars such as Ferraris and Lamborghinis
83%
Which of these pictures depicts the Burj Al Arab, sometimes called the world's only "seven star hotel"?
77%
What was once the most important industry in Dubai, but today represents less than 1% of GDP? Oil
74%
What is the title of the ruler of Dubai? Sheikh
70%
Dubai has a group of artificial islands shaped like a palm tree and another group shaped like ... The world
68%
Prior to the 20th century, Dubai was known for ... Pearl diving
52%
What dangerous job was formerly done by children, until they were replaced by robots in the early 2000s? Camel jockey
30%
No matching quizzes found
Score Distribution
Percent of People with Each Score
Percentile by Number Answered
Your Score History
You have not taken this quiz